|
|
|
|
| LEADER |
00000nab a22000005a 4500 |
| 001 |
AR-BbUGT10105 |
| 003 |
AR-BbUGT |
| 005 |
20211222162806.0 |
| 007 |
ta |
| 008 |
160715s2014||||ag |||p |||| 0|||||spa d |
| 999 |
|
|
|c 15639
|d 15639
|
| 040 |
|
|
|a AR-BbUGT
|c AR-BbUGT
|
| 100 |
1 |
|
|a Osatinsky, Ariel
|
| 245 |
1 |
0 |
|a Pobreza y transformaciones económicas desiguales en los departamentos de Catamarca (1980-2002)
|
| 651 |
|
4 |
|a Catamarca (Argentina : Provincia)
|9 926
|
| 653 |
|
|
|a Pobreza
|
| 653 |
|
|
|a Estructura productiva
|
| 653 |
|
|
|a Desarrollos desiguales
|
| 773 |
0 |
|
|o R7558.44
|g Vol. 13, no. 14 (2014), p. 55-82
|t Revista del Departamento de Geografía (Tucumán)
|x 0328-5359
|w AR-BbUGT7177
|
| 942 |
|
|
|2 ddc
|c ARTPP
|